[Event "JUNIOR WORLD CHESS CHAMPIONSHI"]
[Site "Puerto Madryn, Argentina"]
[Date "2009.10.27"]
[Round "7.18"]
[White "Martinez De Negri, M  Agustina"]
[Black "Heredia Serrano, Carla"]
[Result "1/2-1/2"]
[WhiteElo "1945"]
[BlackElo "2152"]
[PlyCount "114"]
[EventDate "2009.10.22"]

1. e4 c6 2. d4 d5 3. exd5 cxd5 4. c4 Nf6 5. Nc3 Be6 6. Nge2 dxc4 7. Nf4 Bd5 8.
Nfxd5 Nxd5 9. Bxc4 Nxc3 10. bxc3 e6 11. Qb3 Qb6 12. Qxb6 axb6 13. Rb1 Nd7 14.
Bd2 Bd6 15. f4 O-O 16. O-O Rfd8 17. Rfe1 Bc7 18. f5 e5 19. Bg5 Rdc8 20. Bb5 Nf8
21. dxe5 Bxe5 22. Rxe5 f6 23. Bxf6 gxf6 24. Re7 Rxc3 25. a4 Rd8 26. Rb2 Rc1+
27. Kf2 Rd5 28. g4 Rd4 29. h3 h5 30. Ke3 Rdd1 31. Rg2 Rc3+ 32. Ke2 Rdc1 33.
gxh5+ Kh8 34. Bd3 Ra1 35. Rg3 Rcc1 36. Rxb7 Ra2+ 37. Ke3 Re1+ 38. Kf3 Ra3 39.
Kf2 Re8 40. Bb5 Ra2+ 41. Kf3 Rd8 42. Ke4 Rad2 43. Rd3 R2xd3 44. Bxd3 Nd7 45.
Rc7 Nc5+ 46. Rxc5 bxc5 47. a5 Rd4+ 48. Ke3 Ra4 49. a6 Kg7 50. Bb5 Ra5 51. Bc4
Kh6 52. Ke4 Kxh5 53. Kd5 Kg5 54. Ke6 Ra4 55. Bb5 Ra5 56. Bc4 Ra4 57. Bb5 Ra5
1/2-1/2

[Event "JUNIOR WORLD CHESS CHAMPIONSHI"]
[Site "Puerto Madryn, Argentina"]
[Date "2009.10.27"]
[Round "7.19"]
[White "Jorquera Cabello, Valentina"]
[Black "Martinez, Janine"]
[Result "1/2-1/2"]
[WhiteElo "1997"]
[BlackElo "1948"]
[PlyCount "86"]
[EventDate "2009.10.22"]

1. e4 e6 2. d3 d5 3. Nd2 c5 4. g3 g6 5. Bg2 Bg7 6. f4 Qb6 7. c3 Ne7 8. Nh3 O-O
9. Nf2 f5 10. e5 Bd7 11. O-O Bc6 12. a4 a5 13. b3 Qc7 14. Ba3 Nd7 15. d4 b6 16.
Nf3 h6 17. Nd3 Bb7 18. b4 axb4 19. cxb4 c4 20. Nf2 b5 21. a5 Nc6 22. Nh4 Kh7
23. g4 Ndb8 24. g5 Qe7 25. Nf3 Na6 26. Rb1 Nxa5 27. bxa5 Qxa3 28. Rxb5 Bc6 29.
Rb6 Rfc8 30. Qa1 Qe3 31. Qc1 Qxc1 32. Rxc1 Nb8 33. gxh6 Bxh6 34. Nh3 Nd7 35.
Nfg5+ Kg8 36. Rb2 Nf8 37. Ra2 Ra6 38. Rb1 Rca8 39. Rba1 Rb8 40. Bf1 Rb3 41. Ra3
Rb8 42. Rg3 Be8 43. Raa3 Nd7 1/2-1/2

[Event "JUNIOR WORLD CHESS CHAMPIONSHI"]
[Site "Puerto Madryn, Argentina"]
[Date "2009.10.27"]
[Round "7.20"]
[White "Leks, Hanna"]
[Black "Hattingh, Angelique"]
[Result "1-0"]
[WhiteElo "2169"]
[BlackElo "1790"]
[PlyCount "78"]
[EventDate "2009.10.22"]

1. e4 c5 2. Nf3 d6 3. d4 cxd4 4. Nxd4 Nf6 5. Nc3 g6 6. Bc4 Bg7 7. O-O O-O 8.
Re1 Nc6 9. Bb3 Bd7 10. Bg5 h6 11. Bh4 Nxd4 12. Qxd4 g5 13. Bg3 Nh5 14. Qd3 Nxg3
15. hxg3 Rc8 16. Rad1 Bc6 17. f4 Qb6+ 18. Kh1 Bxc3 19. bxc3 Bb5 20. Qf3 Kg7 21.
Rd4 Qa6 22. e5 Bc4 23. fxg5 hxg5 24. Qg4 Rh8+ 25. Kg1 Qb6 26. Qxg5+ Kf8 27.
exd6 exd6 28. Qe7+ Kg8 29. Ree4 Rh7 30. Rg4+ Rg7 31. Kh2 d5 32. Rxg7+ Kxg7 33.
Rg4+ Kh7 34. Qxf7+ Kh6 35. Rh4+ Kg5 36. Qf4+ Kg6 37. Rh6+ Kg7 38. Rxb6 axb6 39.
Qd4+ Kf8 1-0

[Event "JUNIOR WORLD CHESS CHAMPIONSHIP 2009"]
[Site "?"]
[Date "2009.10.27"]
[Round "7.22"]
[White "De León, Patricia"]
[Black "Anton, Sara"]
[Result "0-1"]
[WhiteElo "1741"]
[BlackElo "1820"]
[PlyCount "94"]
[EventDate "2009.10.30"]
[SourceDate "2009.10.30"]

1. d4 f5 2. g3 Nf6 3. Bg2 g6 4. Nf3 Bg7 5. c4 d6 6. Nc3 O-O 7. O-O Qe8 8. Qc2
c6 9. b3 Na6 10. a3 e5 11. e3 e4 12. Nd2 Nc7 13. Bb2 d5 14. Rfc1 g5 15. Re1 Qg6
16. f4 gxf4 17. gxf4 Ng4 18. h3 Nxe3 19. Rxe3 Bxd4 20. Nd1 Bxe3+ 21. Nxe3 Be6
22. Be5 Rac8 23. b4 a6 24. c5 Kf7 25. Kf2 Rg8 26. Ndf1 Qh5 27. Qc3 Nb5 28. Qd2
d4 29. Bxd4 Nxd4 30. Qxd4 Rcd8 31. Qc3 Rd3 32. Qc2 Rgd8 33. Re1 Qh4+ 34. Ke2
Rg8 35. Rd1 Rxd1 36. Qxd1 Qxf4 37. Qe1 Rxg2+ 38. Nxg2 Qf3+ 39. Kd2 Qxg2+ 40.
Qe2 Qxh3 41. Ne3 f4 42. Nc4 e3+ 43. Kc3 Kf6 44. Nd6 Bd5 45. Nxb7 Qf3 46. Qe1
e2+ 47. Kb2 Qb3+ 0-1

[Event "JUNIOR WORLD CHESS CHAMPIONSHIP 2009"]
[Site "?"]
[Date "2009.10.27"]
[Round "7.6"]
[White "Soumya, Swaminathan"]
[Black "Paikidze, Nazi"]
[Result "1-0"]
[WhiteElo "2297"]
[BlackElo "2279"]
[PlyCount "121"]
[EventDate "2009.10.30"]
[SourceDate "2009.10.30"]

1. e4 c6 2. d4 d5 3. Nc3 dxe4 4. Nxe4 Bf5 5. Ng3 Bg6 6. h4 h6 7. Nf3 Nd7 8. h5
Bh7 9. Bd3 Bxd3 10. Qxd3 e6 11. Bd2 Ngf6 12. O-O-O Qc7 13. Ne4 O-O-O 14. g3
Nxe4 15. Qxe4 Nf6 16. Qe2 Bd6 17. c4 c5 18. Bc3 cxd4 19. Nxd4 a6 20. Kb1 Rd7
21. Rc1 Kb8 22. Nb3 Qc6 23. Rh4 Rhd8 24. c5 Bc7 25. Rc4 Rd3 26. Nd4 Qe4 27.
Qxe4 Nxe4 28. Nc6+ bxc6 29. Rxe4 Rg8 30. Rg4 Rd5 31. Rh1 Be5 32. Bxe5+ Rxe5 33.
Rb4+ Kc7 34. Ra4 Ra8 35. Rg4 Rf5 36. Rd1 Rxh5 37. Rxg7 Rf5 38. f4 Re8 39. Re1
Kd7 40. Re5 Rf6 41. Kc2 Rh8 42. Rh5 Ke7 43. Rg4 Rd8 44. b4 Rd4 45. Kc3 Re4 46.
Kb3 Re3+ 47. Ka4 Kd7 48. Rg8 Kc7 49. Re5 Rd3 50. Rg7 Rf3 51. Re4 Rd3 52. g4 Kd7
53. Ka5 Ra3+ 54. Kb6 Rf3 55. Rd4+ Ke7 56. g5 R6xf4 57. Rxf4 Rxf4 58. gxh6 Rxb4+
59. Kxc6 Kf8 60. Rg1 Rh4 61. Kb7 1-0

[Event "JUNIOR WORLD CHESS CHAMPIONSHIP 2009"]
[Site "?"]
[Date "2009.10.27"]
[Round "7.8"]
[White "Herrera, Milena"]
[Black "Fuchs, Judith"]
[Result "1/2-1/2"]
[WhiteElo "2141"]
[BlackElo "2207"]
[PlyCount "44"]
[EventDate "2009.10.30"]
[SourceDate "2009.10.30"]

1. e4 c5 2. Nf3 d6 3. d4 cxd4 4. Nxd4 Nf6 5. Nc3 Nc6 6. Be3 e5 7. Nf3 h6 8. Bc4
Be7 9. Qe2 O-O 10. h3 a6 11. g4 b5 12. Bb3 Na5 13. g5 hxg5 14. Bxg5 Nxb3 15.
axb3 Bb7 16. h4 b4 17. Bxf6 Bxf6 18. Na4 Rc8 19. O-O-O Qc7 20. Ng5 Qc6 21. Kb1
g6 22. f3 Kg7 1/2-1/2

[Event "JUNIOR WORLD CHESS CHAMPIONSHIP 2009"]
[Site "?"]
[Date "2009.10.27"]
[Round "7.12"]
[White "Umudova, Narzig"]
[Black "Motycakova, Monika"]
[Result "1-0"]
[WhiteElo "2254"]
[BlackElo "2038"]
[PlyCount "133"]
[EventDate "2009.10.30"]
[SourceDate "2009.10.30"]

1. e4 e5 2. Nf3 Nc6 3. Bb5 a6 4. Ba4 Nf6 5. O-O Be7 6. Re1 b5 7. Bb3 d6 8. c3
O-O 9. h3 Na5 10. Bc2 c5 11. d4 Qc7 12. Nbd2 cxd4 13. cxd4 Nc6 14. Nb3 a5 15.
Be3 a4 16. Nbd2 Bd7 17. Rc1 Qb7 18. Nf1 Rfe8 19. d5 Nb4 20. Bb1 Bd8 21. g4 h6
22. Ng3 Bb6 23. Nf5 Bxf5 24. gxf5 Bxe3 25. Rxe3 Na6 26. Rc6 Qe7 27. Qf1 Reb8
28. Qg2 Rc8 29. Qf1 Rxc6 30. dxc6 Rb8 31. b3 Rb6 32. Bd3 Nc5 33. Bxb5 axb3 34.
axb3 Ncxe4 35. b4 d5 36. Ra3 Rb8 37. Qc1 Qc7 38. Bf1 Ne8 39. b5 Qb6 40. Qb2 f6
41. Ra6 Qd8 42. Ra7 Nc7 43. Qb3 Nc5 44. Qb4 N7a6 45. Qa3 e4 46. c7 Nxc7 47.
Qxc5 Nxb5 48. Bxb5 exf3 49. Bf1 d4 50. Qc4+ Kh8 51. Qf7 Qg8 52. Qxg8+ Kxg8 53.
Rd7 Rb4 54. Kh2 Kf8 55. Kg3 Ke8 56. Rd5 Ke7 57. Kxf3 Rb3+ 58. Kg4 Rb2 59. f4
Rf2 60. Bb5 h5+ 61. Kxh5 Rxf4 62. Kg6 Rf3 63. Rd7+ Kf8 64. Rf7+ Kg8 65. Rxg7+
Kh8 66. Rh7+ Kg8 67. Bc4+ 1-0

[Event "JUNIOR WORLD CHESS CHAMPIONSHIP 2009"]
[Site "?"]
[Date "2009.10.27"]
[Round "7.16"]
[White "Harini, Sankaran"]
[Black "Olsarova, Tereza"]
[Result "1/2-1/2"]
[WhiteElo "2019"]
[BlackElo "2150"]
[PlyCount "116"]
[EventDate "2009.10.30"]
[SourceDate "2009.10.30"]

1. e4 e5 2. Nf3 Nc6 3. Bb5 a6 4. Ba4 Nf6 5. O-O Nxe4 6. d4 b5 7. Bb3 d5 8. dxe5
Be6 9. c3 Bc5 10. Nbd2 O-O 11. Bc2 Nxf2 12. Rxf2 f6 13. exf6 Bxf2+ 14. Kxf2
Qxf6 15. Nf1 Ne5 16. Be3 Rad8 17. Bc5 Rf7 18. N1d2 Bg4 19. Kg1 Nc4 20. Bd4 Qe7
21. Qe1 c5 22. Qxe7 Rxe7 23. Bxc5 Re2 24. Bd1 Bxf3 25. Nxf3 Rxb2 26. Bb3 Re8
27. Re1 Rxe1+ 28. Nxe1 a5 29. Nf3 Kf7 30. h3 Kf6 31. Kh2 a4 32. Bxc4 bxc4 33.
a3 Kf5 34. Nd4+ Ke4 35. Bb4 Kd3 36. Nb5 h5 37. Kg3 Ke3 38. Bc5+ Ke4 39. Bb4 h4+
40. Kxh4 Rxg2 41. Nd4 Kd3 42. Ne6 Kc2 43. Nc5 Rd2 44. Nxa4 d4 45. cxd4 Rxd4+
46. Kg5 Kb3 47. Nc5+ Kb2 48. h4 Rd1 49. h5 Rg1+ 50. Kf5 Rh1 51. Kg5 Rg1+ 52.
Kf5 Rh1 53. Kg6 Rg1+ 54. Kh7 Rh1 55. Kxg7 Rxh5 56. Kf6 Rh3 57. Ke5 Rxa3 58.
Bxa3+ Kxa3 1/2-1/2

[Event "JUNIOR WORLD CHESS CHAMPIONSHI"]
[Site "Puerto Madryn, Argentina"]
[Date "2009.10.29"]
[Round "8.18"]
[White "Flores, Nancy"]
[Black "Heredia Serrano, Carla"]
[Result "0-1"]
[WhiteElo "1927"]
[BlackElo "2152"]
[PlyCount "58"]
[EventDate "2009.10.22"]

1. e4 c5 2. Nf3 Nc6 3. d3 g6 4. g3 Bg7 5. Bg2 d6 6. c3 Nf6 7. Nbd2 O-O 8. O-O
e5 9. a4 Ne8 10. Nc4 b6 11. Be3 Nc7 12. d4 Ba6 13. b3 Qe7 14. Re1 Bxc4 15. bxc4
Na5 16. Qd3 Rad8 17. Rad1 h6 18. Nh4 Qe8 19. Ra1 Nb3 20. Ra2 cxd4 21. cxd4 Nxd4
22. Bxd4 exd4 23. Nf3 Ne6 24. Qd2 Qc6 25. Bf1 a5 26. Nh4 Nc5 27. Qc2 Rfe8 28.
Bg2 Ne6 29. e5 Qc5 0-1

[Event "JUNIOR WORLD CHESS CHAMPIONSHI"]
[Site "Puerto Madryn, Argentina"]
[Date "2009.10.29"]
[Round "8.19"]
[White "Reginato, Sabrina"]
[Black "Jorquera Cabello, Valentina"]
[Result "1-0"]
[WhiteElo "1880"]
[BlackElo "1997"]
[PlyCount "75"]
[EventDate "2009.10.22"]

1. d4 Nf6 2. Nf3 g6 3. c4 Bg7 4. Nc3 O-O 5. e3 d6 6. Bd3 Nbd7 7. O-O h5 8. Qc2
Nh7 9. h3 e5 10. dxe5 dxe5 11. e4 g5 12. Nd5 c6 13. Ne3 Nc5 14. Rd1 Qf6 15. Nh2
Ne6 16. Nf5 Nf4 17. Bxf4 gxf4 18. Nf3 Bxf5 19. exf5 Ng5 20. Nxg5 Qxg5 21. Be4
Bf6 22. Qb3 Rab8 23. Rd7 b5 24. Rxa7 bxc4 25. Qxc4 Rxb2 26. Qxc6 Bd8 27. Rb7
Rd2 28. a4 Bf6 29. Rb3 Rfd8 30. a5 R2d6 31. Qa4 Rd4 32. Qc6 Qh4 33. Rf1 Rd1 34.
Rb1 R1d6 35. Qc5 Be7 36. Qxe5 Bf6 37. Qb5 Bd4 38. Rbc1 1-0

[Event "JUNIOR WORLD CHESS CHAMPIONSHI"]
[Site "Puerto Madryn, Argentina"]
[Date "2009.10.29"]
[Round "8.20"]
[White "Martinez, Janine"]
[Black "Bucar, Natasa"]
[Result "1-0"]
[WhiteElo "1948"]
[BlackElo "1972"]
[PlyCount "73"]
[EventDate "2009.10.22"]

1. d4 d5 2. Nf3 Nf6 3. Bg5 Ne4 4. Bh4 c6 5. e3 g6 6. Bd3 Bg7 7. O-O Qb6 8. Nbd2
Nxd2 9. Qxd2 Qxb2 10. Rfb1 Qa3 11. Bg3 e6 12. Rb4 Bf8 13. Rb3 Qe7 14. c4 Bh6
15. c5 Nd7 16. Bd6 Qd8 17. Qc2 f5 18. h3 Nf6 19. Ne5 Bf8 20. Bxf8 Rxf8 21. f3
Nd7 22. Nxd7 Qxd7 23. Qf2 e5 24. Qh4 e4 25. fxe4 fxe4 26. Be2 Qe7 27. Qg3 Rf6
28. Rab1 h5 29. a4 Kf7 30. a5 Qd8 31. a6 bxa6 32. Rb8 Rxb8 33. Qxb8 Qd7 34. Ra1
Kg7 35. Bxa6 Rf8 36. Be2 Qb7 37. Rxa7 1-0

[Event "JUNIOR WORLD CHESS CHAMPIONSHI"]
[Site "Puerto Madryn, Argentina"]
[Date "2009.10.29"]
[Round "8.21"]
[White "Hattingh, Angelique"]
[Black "Martinez De Negri, M  Agustina"]
[Result "1/2-1/2"]
[WhiteElo "1790"]
[BlackElo "1945"]
[PlyCount "99"]
[EventDate "2009.10.22"]

1. e4 Nc6 2. Nf3 e5 3. d4 exd4 4. Bc4 Nf6 5. O-O Nxe4 6. Re1 d5 7. Bxd5 Qxd5 8.
Nc3 Qa5 9. Nxe4 Be6 10. Bd2 Qd5 11. Bg5 Be7 12. Bxe7 Kxe7 13. Neg5 Rad8 14. Qd2
Rd6 15. Ne4 Rd7 16. Neg5 h6 17. Nxe6 fxe6 18. Qe2 Rf8 19. Nh4 Rf6 20. Qg4 Kf7
21. a3 Kg8 22. Rad1 Ne5 23. Qg3 Nf7 24. Nf3 Qc4 25. Rd2 Kh7 26. Red1 c5 27. c3
Rg6 28. Qf4 Re7 29. Qh4 Rd7 30. cxd4 Qd5 31. Qf4 Ng5 32. Nxg5+ Rxg5 33. f3 c4
34. Qe4+ Kg8 35. Qe3 b5 36. Re2 Kf7 37. Kh1 Rf5 38. Red2 g5 39. Kg1 Rf4 40. h3
Kg6 41. Qc3 Qd6 42. Kh1 Rf5 43. Qe3 g4 44. Qe4 Kf6 45. Qe2 Qc6 46. Rc2 Rf4 47.
Qe5+ Kg6 48. Rdd2 Rd6 49. Qe3 b4 50. axb4 1/2-1/2

[Event "JUNIOR WORLD CHESS CHAMPIONSHI"]
[Site "Puerto Madryn, Argentina"]
[Date "2009.10.29"]
[Round "8.1"]
[White "Zhang, Xiaowen"]
[Black "Severiukhina, Zoja"]
[Result "1-0"]
[WhiteElo "2391"]
[BlackElo "2339"]
[PlyCount "66"]
[EventDate "2009.10.22"]

1. e4 c5 2. Nf3 d6 3. d4 cxd4 4. Nxd4 Nf6 5. Nc3 Nc6 6. Be2 e5 7. Nb3 Be7 8.
O-O O-O 9. f4 a5 10. a4 Nb4 11. Kh1 Qc7 12. f5 Rd8 13. Bg5 d5 14. Bxf6 Bxf6 15.
exd5 b6 16. Rc1 e4 17. Nxe4 Nxd5 18. Nxf6+ Nxf6 19. Qe1 Bd7 20. Qh4 Qe5 21. Bf3
Rac8 22. c3 Bxf5 23. Nd4 Bd7 24. Rce1 Qd6 25. Re2 Re8 26. Ref2 Rc5 27. Bd1 Rce5
28. Nc2 Rh5 29. Qf4 Qxf4 30. Rxf4 Rhe5 31. Kg1 Re1 32. Bf3 Rxf1+ 33. Kxf1 Re7 {
Ilegible} 1-0

[Event "JUNIOR WORLD CHESS CHAMPIONSHI"]
[Site "Puerto Madryn, Argentina"]
[Date "2009.10.29"]
[Round "8.3"]
[White "Padmini, Rout"]
[Black "Soumya, Swaminathan"]
[Result "0-1"]
[WhiteElo "2331"]
[BlackElo "2297"]
[PlyCount "94"]
[EventDate "2009.10.22"]

1. e4 c6 2. d4 d5 3. e5 Bf5 4. Nf3 e6 5. Be2 c5 6. c4 dxc4 7. Bxc4 Nc6 8. O-O
cxd4 9. Bb5 Bc5 10. b4 Bb6 11. Bb2 Bg4 12. Bxc6+ bxc6 13. Nbd2 Qd5 14. Qb3 Qxb3
15. Nxb3 Bxf3 16. gxf3 O-O-O 17. Rfd1 d3 18. Nc1 d2 19. Nb3 Ne7 20. Nxd2 Rd3
21. Ne4 Rxf3 22. Kg2 Rf4 23. f3 Nf5 24. Bc1 Rh4 25. Bg5 Rh5 26. Rac1 f6 27.
exf6 gxf6 28. Bxf6 Rg8+ 29. Kh1 Bc7 30. Rd2 Bf4 31. Rxc6+ Kb7 32. Rcc2 Bxd2 33.
Rxd2 Ng3+ 34. Nxg3 Rxg3 35. Rd7+ Kc6 36. Rxa7 Rxf3 37. Be7 Rf2 38. Ra6+ Kd7 39.
Bc5 Rhxh2+ 40. Kg1 Rfg2+ 41. Kf1 Rxa2 42. Rd6+ Kc7 43. Kg1 Rhd2 44. Rxd2 Rxd2
45. b5 Rb2 46. b6+ Rxb6 47. Bxb6+ Kxb6 0-1

[Event "JUNIOR WORLD CHESS CHAMPIONSHI"]
[Site "Puerto Madryn, Argentina"]
[Date "2009.10.29"]
[Round "8.4"]
[White "Yildiz, Betul Cemre"]
[Black "Tjolsen, Katrine"]
[Result "0-1"]
[WhiteElo "2224"]
[BlackElo "2178"]
[PlyCount "74"]
[EventDate "2009.10.22"]

1. e4 c5 2. Nf3 Nc6 3. Bb5 Nf6 4. Nc3 Qc7 5. Bxc6 Qxc6 6. d3 d6 7. h3 g6 8. a4
Bg7 9. O-O O-O 10. Re1 e5 11. Bg5 Be6 12. Qd2 Qd7 13. Bh6 Nh5 14. Nh2 f6 15.
Ne2 f5 16. exf5 gxf5 17. Qg5 Nf6 18. f4 e4 19. Ng3 d5 20. Nf3 Ne8 21. Nh5 Rf7
22. Ne5 Qd8 23. Nxf7 Bxf7 24. Qxd8 Bd4+ 25. Kf1 Rxd8 26. Ng3 Nd6 27. c3 Bh8 28.
dxe4 fxe4 29. Rad1 Re8 30. Bg5 d4 31. f5 Bb3 32. Rc1 e3 33. cxd4 cxd4 34. f6
Nc4 35. Nf5 d3 36. Bxe3 Bxf6 37. Kf2 Nxb2 0-1

[Event "JUNIOR WORLD CHESS CHAMPIONSHI"]
[Site "Puerto Madryn, Argentina"]
[Date "2009.10.29"]
[Round "8.5"]
[White "Kiran, Manisha Mohanty"]
[Black "Cori Tello, Deysi"]
[Result "0-1"]
[WhiteElo "2153"]
[BlackElo "2361"]
[PlyCount "80"]
[EventDate "2009.10.22"]

1. e4 e6 2. d4 d5 3. Nc3 Bb4 4. e5 Ne7 5. a3 Bxc3+ 6. bxc3 c5 7. a4 Qc7 8. Nf3
Nbc6 9. Bd3 b6 10. O-O h6 11. Ba3 Na5 12. Re1 Bd7 13. Nd2 Bxa4 14. c4 dxc4 15.
Bxc4 O-O 16. Bd3 Rfd8 17. dxc5 Rxd3 18. cxb6 axb6 19. Bd6 Qxc2 20. Rxa4 Qxd1
21. Rxd1 Nd5 22. Kf1 Rc8 23. Ke2 Rdc3 24. Ke1 Rc2 25. Raa1 Nf4 26. Kf1 Nd5 27.
Ke1 Kh7 28. g3 R8c3 29. Ra3 Rc8 30. Raa1 Kg6 31. Rdb1 R8c3 32. Ra3 Rxd2 33.
Rxc3 Re2+ 34. Kxe2 Nxc3+ 35. Kd2 Nxb1+ 36. Kc2 f6 37. exf6 Nd2 38. fxg7 Kxg7
39. Be5+ Kg6 40. Kxd2 Nc4+ 0-1

[Event "JUNIOR WORLD CHESS CHAMPIONSHI"]
[Site "Puerto Madryn, Argentina"]
[Date "2009.10.29"]
[Round "8.6"]
[White "Amed, Stephanie"]
[Black "Steil-Antoni, Fiona"]
[Result "1/2-1/2"]
[WhiteElo "2159"]
[BlackElo "2152"]
[PlyCount "33"]
[EventDate "2009.10.22"]

1. e4 e5 2. Nf3 Nc6 3. Bc4 Nf6 4. d3 Be7 5. c3 O-O 6. Bb3 d6 7. Nbd2 Kh8 8. Nf1
d5 9. Qe2 Be6 10. Bc2 dxe4 11. dxe4 h6 12. h3 Nh7 13. g4 Ng5 14. Ng1 Nh7 15.
Nf3 Ng5 16. Ng1 Nh7 17. Nf3 1/2-1/2

[Event "JUNIOR WORLD CHESS CHAMPIONSHI"]
[Site "Puerto Madryn, Argentina"]
[Date "2009.10.29"]
[Round "8.7"]
[White "Paikidze, Nazi"]
[Black "Hayrapetyan, Anna"]
[Result "0-1"]
[WhiteElo "2279"]
[BlackElo "2212"]
[PlyCount "64"]
[EventDate "2009.10.22"]

1. d4 Nf6 2. Nf3 g6 3. Bg5 Bg7 4. Nbd2 d5 5. e3 O-O 6. c4 c6 7. Bd3 Nbd7 8. O-O
b6 9. Qe2 Bb7 10. cxd5 cxd5 11. Rac1 h6 12. Bf4 Nh5 13. Bc7 Qe8 14. Ne5 Bxe5
15. Bxe5 Nxe5 16. dxe5 Rc8 17. f4 Rxc1 18. Rxc1 d4 19. f5 dxe3 20. Qxe3 g5 21.
g3 Qa4 22. Bc4 Rd8 23. f6 exf6 24. exf6 Qb4 25. Nb3 Nxf6 26. h4 Re8 27. Qf2 Qe7
28. Rf1 Qe4 29. Bxf7+ Kf8 30. Bd5 Bxd5 31. Qxf6+ Kg8 32. Rf3 Qe1+ 0-1

[Event "JUNIOR WORLD CHESS CHAMPIONSHI"]
[Site "Puerto Madryn, Argentina"]
[Date "2009.10.29"]
[Round "8.8"]
[White "Daulyte, Deimante"]
[Black "Herrera, Milena"]
[Result "1/2-1/2"]
[WhiteElo "2307"]
[BlackElo "2141"]
[PlyCount "155"]
[EventDate "2009.10.22"]

1. e4 c5 2. Nf3 e6 3. d4 cxd4 4. Nxd4 a6 5. Be2 Qc7 6. O-O Nf6 7. Nc3 Nc6 8.
Be3 Bb4 9. Na4 O-O 10. Nxc6 bxc6 11. Nb6 Rb8 12. Nxc8 Rfxc8 13. Bxa6 Rf8 14.
Bd3 Bd6 15. f4 e5 16. f5 Rxb2 17. a4 Qa5 18. Kh1 Bc5 19. Bg5 Be7 20. Bd2 Bb4
21. Bc1 Bc3 22. Bxb2 Bxb2 23. Ra2 Bc3 24. Qe2 d5 25. Rb1 Rd8 26. Ra3 h5 27. h3
Qc5 28. Rab3 Qd4 29. Rb8 Rxb8 30. Rxb8+ Kh7 31. Ra8 dxe4 32. Bc4 h4 33. Bxf7
Bd2 34. Bc4 Bf4 35. Rb8 Qa1+ 36. Qf1 Qxa4 37. Qe2 Qa1+ 38. Qf1 Qa7 39. Rb3 Nh5
40. Qd1 Nf6 41. Qe1 Nh5 42. Qd1 Kh6 43. Be2 Ng3+ 44. Rxg3 Bxg3 45. Qd2+ Kh7 46.
Qd6 Qf7 47. Qxc6 Qxf5 48. Qd5 Qf4 49. Qd1 Qf2 50. Bb5 Kh6 51. Be8 g6 52. Bb5 e3
53. Be2 Bf4 54. c4 Qg3 55. Qg1 e4 56. c5 Kg5 57. c6 Bc7 58. Bg4 Bf4 59. Be2 Kf6
60. Qa1+ Be5 61. Qg1 Ke7 62. Bg4 Bd6 63. Be2 Kd8 64. Bg4 Kc7 65. Be2 Kxc6 66.
Qc1+ Kd7 67. Bg4+ Ke7 68. Qg1 Kf6 69. Qf1+ Kg5 70. Qg1 Be5 71. Be2 Qf2 72. Bg4
Bg3 73. Qd1 Qe1+ 74. Qxe1 Bxe1 75. Kg1 Kf4 76. Kf1 Bb4 77. Be2 Kg3 78. Bg4
1/2-1/2

[Event "JUNIOR WORLD CHESS CHAMPIONSHI"]
[Site "Puerto Madryn, Argentina"]
[Date "2009.10.29"]
[Round "8.9"]
[White "Fuchs, Judith"]
[Black "Umudova, Nargiz"]
[Result "1-0"]
[WhiteElo "2207"]
[BlackElo "2254"]
[PlyCount "71"]
[EventDate "2009.10.22"]

1. e4 c5 2. Nf3 Nc6 3. d4 cxd4 4. Nxd4 Nf6 5. Nc3 e5 6. Ndb5 d6 7. Bg5 a6 8.
Na3 b5 9. Nd5 Be7 10. Bxf6 Bxf6 11. c3 Bb7 12. Be2 Ne7 13. Nxf6+ gxf6 14. Bf3
f5 15. exf5 d5 16. Nc2 Nxf5 17. g3 Ne7 18. Qd2 Qc7 19. a4 O-O 20. axb5 Qc5 21.
O-O Qxb5 22. Rfe1 Ng6 23. h4 h5 24. Ne3 Rad8 25. Nf5 Bc8 26. Qg5 Bxf5 27. Qxf5
e4 28. Bxh5 Rd6 29. Be2 Qxb2 30. h5 d4 31. cxd4 Qxd4 32. Rad1 Qc3 33. hxg6 fxg6
34. Qxe4 Rdf6 35. Bc4+ Kh8 36. Qh4+ 1-0

[Event "JUNIOR WORLD CHESS CHAMPIONSHI"]
[Site "Puerto Madryn, Argentina"]
[Date "2009.10.29"]
[Round "8.10"]
[White "Congiu, Mathilde"]
[Black "Ivakhinova, Inna"]
[Result "1/2-1/2"]
[WhiteElo "2149"]
[BlackElo "2249"]
[PlyCount "79"]
[EventDate "2009.10.22"]

1. e4 c5 2. Nf3 d6 3. Bc4 Nf6 4. c3 g6 5. O-O Bg7 6. Re1 O-O 7. Bb3 Nc6 8. h3
e5 9. d3 d5 10. exd5 Nxd5 11. Bg5 Nde7 12. Nbd2 h6 13. Bxe7 Qxe7 14. d4 cxd4
15. cxd4 Qc7 16. d5 Na5 17. Rc1 Qd6 18. Ne4 Qb4 19. Nc5 Nxb3 20. axb3 b6 21.
Nd3 Qd6 22. Ndxe5 Bb7 23. Nc6 Bxb2 24. Rc2 Bf6 25. Qd3 Rfe8 26. Rd1 Bc8 27. Re2
Rxe2 28. Qxe2 Bd7 29. Nfe5 Bxe5 30. Qxe5 Qxe5 31. Nxe5 Rd8 32. Ra1 Be8 33. Nc6
Bxc6 34. dxc6 a5 35. Rc1 Rc8 36. c7 Kf8 37. Rc6 Ke7 38. Rxb6 Rxc7 39. b4 axb4
40. Rxb4 1/2-1/2

[Event "JUNIOR WORLD CHESS CHAMPIONSHI"]
[Site "Puerto Madryn, Argentina"]
[Date "2009.10.29"]
[Round "8.11"]
[White "Colombo, Camila"]
[Black "Kalinina, Olga"]
[Result "0-1"]
[WhiteElo "2129"]
[BlackElo "2229"]
[PlyCount "70"]
[EventDate "2009.10.22"]

1. d4 d5 2. c4 Nc6 3. e3 Nf6 4. cxd5 Nxd5 5. e4 Nb6 6. Be3 e6 7. Nf3 Bb4+ 8.
Nc3 O-O 9. Bd3 f5 10. exf5 exf5 11. O-O f4 12. Bc1 Bg4 13. Qb3+ Kh8 14. Ne5
Nxe5 15. dxe5 Qxd3 16. Qxb4 Nc4 17. Qxb7 Nxe5 18. Bxf4 Nf3+ 19. Kh1 Nh4 20. Qd5
Qg6 21. Rg1 h6 22. Rae1 Rad8 23. Qe4 Qh5 24. Re3 c5 25. Be5 Rde8 26. f4 Nf5 27.
Rd3 Rd8 28. Re1 Qh4 29. Rf1 Rxd3 30. Qxd3 Rd8 31. g3 Rxd3 32. gxh4 Nxh4 33. f5
Rd2 34. Bg3 Bf3+ 35. Kg1 Rg2+ 0-1

[Event "JUNIOR WORLD CHESS CHAMPIONSHI"]
[Site "Puerto Madryn, Argentina"]
[Date "2009.10.29"]
[Round "8.13"]
[White "Olsarova, Tereza"]
[Black "Guo, Emma"]
[Result "1/2-1/2"]
[WhiteElo "2150"]
[BlackElo "1920"]
[PlyCount "104"]
[EventDate "2009.10.22"]

1. e4 c5 2. Nf3 e6 3. d4 cxd4 4. Nxd4 a6 5. Nc3 Qc7 6. Be3 Nf6 7. Qd2 Bc5 8.
O-O-O Ng4 9. Bg5 Bb4 10. f4 Nc6 11. Nxc6 bxc6 12. Kb1 Qa5 13. Bc4 Qc5 14. Qd4
Qxd4 15. Rxd4 Bc5 16. Rd2 h6 17. Bh4 Be3 18. Re2 Bxf4 19. Be1 d6 20. Bb3 O-O
21. h3 Nf6 22. Bf2 Nd7 23. Rd1 d5 24. Ba4 Nb8 25. exd5 cxd5 26. Bc5 Rd8 27. Be7
Rd7 28. Bxd7 Nxd7 29. Rf1 Be5 30. Na4 Rb8 31. Rxe5 Nxe5 32. Bd6 Nc4 33. Bxb8
Nd2+ 34. Kc1 Nxf1 35. b3 f6 36. Nc5 e5 37. a4 Kf7 38. b4 Ne3 39. g4 Nc4 40. Bc7
Ke7 41. b5 axb5 42. a5 Nxa5 43. Bxa5 h5 44. gxh5 Bxh3 45. Bb4 Bg4 46. Na6+ Kf7
47. Nc7 d4 48. h6 gxh6 49. Nxb5 Kg6 50. Nd6 Bf3 51. Be1 h5 52. Bh4 Bd5 1/2-1/2

[Event "JUNIOR WORLD CHESS CHAMPIONSHI"]
[Site "Puerto Madryn, Argentina"]
[Date "2009.10.29"]
[Round "8.14"]
[White "Motycakova, Monika"]
[Black "Leks, Hanna"]
[Result "0-1"]
[WhiteElo "2038"]
[BlackElo "2169"]
[PlyCount "72"]
[EventDate "2009.10.22"]

1. e4 c5 2. Nf3 d6 3. d4 cxd4 4. Nxd4 Nf6 5. Nc3 Nc6 6. Bg5 e6 7. Qd2 a6 8.
O-O-O Qb6 9. Nb3 Be7 10. f3 O-O 11. g4 Rd8 12. Be3 Qc7 13. g5 Nd7 14. h4 b5 15.
g6 fxg6 16. h5 gxh5 17. Rxh5 Nf6 18. Rg5 Rb8 19. Qg2 Ne8 20. Rg3 Bf6 21. Bg5
Bxg5+ 22. Rxg5 b4 23. Ne2 a5 24. Kb1 e5 25. Ng3 Be6 26. Nf5 a4 27. Nd2 Nd4 28.
Nxd4 exd4 29. Bd3 a3 30. Qf2 axb2 31. Qxd4 Qc3 32. Qxc3 bxc3 33. Nb3 Ra8 34. f4
Ra4 35. f5 Rda8 36. fxe6 Rxa2 0-1

[Event "JUNIOR WORLD CHESS CHAMPIONSHI"]
[Site "Puerto Madryn, Argentina"]
[Date "2009.10.29"]
[Round "8.15"]
[White "Mendoza Velazquez, Lorena Alejand"]
[Black "Fernandez, Maria Florencia"]
[Result "1/2-1/2"]
[WhiteElo "1973"]
[BlackElo "2159"]
[PlyCount "71"]
[EventDate "2009.10.22"]

1. c4 g6 2. g3 Bg7 3. Bg2 d6 4. Nc3 e5 5. Nf3 Nc6 6. O-O f5 7. d3 Nf6 8. Rb1
O-O 9. Bd2 h6 10. b4 g5 11. b5 Ne7 12. e3 Ng6 13. Ne1 f4 14. Nd5 Nxd5 15. Bxd5+
Kh8 16. Qh5 Ne7 17. Bf3 Be6 18. h4 Nf5 19. hxg5 fxg3 20. e4 gxf2+ 21. Rxf2 Nd4
22. g6 Rf4 23. Bxf4 exf4 24. Rg2 Qf6 25. Bd1 Rf8 26. Nf3 Nxf3+ 27. Qxf3 Qh4 28.
Qf2 Qxf2+ 29. Kxf2 Bd4+ 30. Kf3 Kg7 31. Be2 h5 32. Rh1 Bg4+ 33. Rxg4 hxg4+ 34.
Kxg4 Kxg6 35. Bf3 Be3 36. Rh5 1/2-1/2